Présidents de la Ligue Française de football - Statistiques

Statistiques générales
  • Ce quiz a été pris 17 fois
  • Le résultat moyen est 3 sur 12
Statistiques - réponses
HINT HINT ANSWER % Correct
10 septembre 2020 *en cours* Vincent Labrune
93%
19 octobre 1991 6 juillet 2000 Noël Le Graët
64%
28 mai 2002 15 avril2016 Frédéric Thiriez
50%
11 novembre 2016 10 septembre 2020 Nathalie Boy de la Tour
29%
6 juillet 2000 28 mai 2002 Gérard Bourgoin
14%
Avril1967 2 septembre 1991 Jean Sadoul
14%
Avril1961 Avril1967 Antoine Chiarisoli
0%
27 octobre 1944 30 août 1953 Emmanuel Gambardella
0%
Septembre1953 5 décembre 1953 Georges Bayrou
0%
27 mai 2016 11 novembre 2016 Jean-Pierre Denis
0%
13 juin 1956 20 mars 1961 Louis-Bernard Dancausse
0%
22 décembre 1953 13 juin 1956 Paul Nicolas
0%
Aucun quiz correspondant
Distribution des résultats
% des personnes avec chaque résultat
Percentile par nombre de réponses
Votre historique - résultats
Vous n’avez pas pris ce quiz